000 00335nam a2200145Ia 4500
005 20251222153618.0
008 251222s9999||||xx |||||||||||||| ||spa||
020 _a8422690934
082 _a823.914/P29
100 _aPausewang, Gudrum
245 0 _aLa Traidora
250 _a1ra.ed.
264 _bCĂ­rculo de Lectores
942 _cLIB
999 _c31861
_d31861